Moons – Sudden Death - Statistics

General Stats
  • This quiz has been taken 17 times
  • The average score is 11 of 20
Answers on the Grid
Answers color-coded by a green-red scale on the quiz's grid according to % correct below.
Vanth
Ganymede
Juliet
Metis
Adrastea
Himalia
Pasiphae
Rhea
Xiangliu
Prometheus
Oberon
Sycorax
Hi’iaka
Weywot
Kerberos
Desdemona
Bianca
Caliban
Tethys
Enceladus
Shoemaker-Levy 9
Hale-Bopp
Chiron
Pallas
Ceres
Vesta
Makemake
Eris
Gonggong
Quaoar
Orcus
Salacia
Arrokoth
Sedna
Haumea
Heliopause
Hill's Cloud
Sun
Trojan
Centaur
 
Answer Stats
Answer % Correct
Ganymede
87%
Oberon
73%
Rhea
67%
Desdemona
60%
Enceladus
60%
Adrastea
53%
Bianca
53%
Hi’iaka
53%
Juliet
53%
Kerberos
53%
Prometheus
53%
Tethys
53%
Himalia
47%
Metis
47%
Pasiphae
47%
Sycorax
47%
Xiangliu
47%
Vanth
40%
Weywot
40%
Caliban
33%
No matching quizzes found
Score Distribution
Percent of People with Each Score
Percentile by Number Answered
Your Score History
You have not taken this quiz